| 000 | 00720nam a22002297a 4500 | ||
|---|---|---|---|
| 003 | UA-OsUOA | ||
| 001 | 44200 | ||
| 007 | ta | ||
| 008 | 20100701b un ||||| |||| 00| 0 ukr d | ||
| 090 |
_a94(477).04 _bП51 |
||
| 942 | _cBK | ||
| 040 |
_aUA-OsUOA _bukr _cUA-OsUOA _dUA-OsUOA |
||
| 245 |
_aПолководці війська Запорозького _bісторичні портрети _cКн. 2 |
||
| 300 | _a274 с. | ||
| 955 | _a1 | ||
| 041 | _aukr | ||
| 080 | _a94(477).04 | ||
| 260 |
_aК. _bВІК _c2004 |
||
| 650 | 7 |
_a9 Географія. Біографії. Історія _2UDC |
|
| 999 |
_c424111 _d424111 |
||